00305nam a2200121Ia 4500008004100000100003300041245004000074260002400114300000900138650001200147942000700159999001700166190216s9999||||xx |||||||||||||| ||und|| aKhare N H And Santhosh Kumar 2aA Text Book Of Properties Of Matter bAtmaram &sonsc1992 a446p aPhysics cBK c33229d33229